| Tag |
First Indicator |
Second Indicator |
Subfields |
| LEADER |
00000cem a2200000Ma 4500 |
| 001 |
in00001023613 |
| 005 |
20150928092735.0 |
| 007 |
aj canzn |
| 008 |
890301s1962 flu a s 0 eng d |
| 034 |
1 |
|
|a a
|b 1000000
|
| 035 |
|
|
|a (OCoLC)21758307
|
| 035 |
|
|
|9 AFF0860AM
|
| 040 |
|
|
|a CUY
|c CUY
|d TXA
|d UtOrBLW
|
| 049 |
|
|
|a TXAC
|
| 052 |
|
|
|a 3931
|
| 090 |
|
|
|a G3931.J3 1962
|b .F5
|
| 110 |
2 |
|
|a University of Florida.
|b Agricultural Experiment Station.
|
| 245 |
1 |
0 |
|a General soil map of Florida /
|c Florida Agricultural Experiment Stations in cooperation with U.S. Department of Agriculture, Soil Conservation Service.
|
| 255 |
|
|
|a Scale [ca. 1:1,000,000].
|
| 264 |
|
1 |
|a [Place of publication not identified] :
|b Florida Agricultural Experiment Stations,
|c 1962.
|
| 300 |
|
|
|a 1 map :
|b color ;
|c 69 x 84 cm.
|
| 336 |
|
|
|a cartographic image
|b cri
|2 rdacontent
|
| 337 |
|
|
|a unmediated
|b n
|2 rdamedia
|
| 338 |
|
|
|a sheet
|b nb
|2 rdacarrier
|
| 500 |
|
|
|a "May 1962."
|
| 500 |
|
|
|a Inset: Major land resource areas of Florida -- Florida Keys.
|
| 500 |
|
|
|a Cartographic material.
|
| 650 |
|
0 |
|a Soils
|z Florida
|x Maps.
|
| 710 |
1 |
|
|a United States.
|b Soil Conservation Service.
|
| 999 |
|
|
|a MARS
|
| 999 |
f |
f |
|s ca783fbe-ff23-3c83-a28f-0ec3b064f6b0
|i 6e1e6254-d655-395e-bd42-a0c611068951
|t 0
|
| 952 |
f |
f |
|p normal
|a Texas A&M University
|b College Station
|c Sterling C. Evans Library
|d Evans: Maps (2nd floor)
|t 0
|e G3931.J3 1962 .F5
|h Library of Congress classification
|i unmediated -- sheet
|m A14841393207
|
| 998 |
f |
f |
|a G3931.J3 1962 .F5
|t 0
|l Evans: Maps (2nd floor)
|